=LDR 00000nam 2200000 4500 =001 INLIS000000000006533 =005 20130612094648 =008 ***********************************Ind** =035 ##$$0010-061300000006533 =041 ##$$a Ind =082 ##$$a 030 =090 ##$$a 030, Hid b =100 ##$$a Hidayat, Rakhmat Taufik =245 ##$$a Belajar mudah menggunakan kamus, Rachmat Taufik Hidayat =260 ##$$a 1995 $b Bandung =300 ##$$a 80 hlm., 21 cm =650 ##$$a Kamus =850 ##$$a NBPNMAT